"Open Science and Innovation in Ukraine 2023" 2nd International Conference

Gespeichert in:
Bibliographische Detailangaben
Körperschaft: Open Science and Innovation in Ukraine 2023. International Conference
Format: Buch
Sprache:Englisch
Veröffentlicht: Singapore Bentham Science Publishers 2024
Ausgabe:1st Edition
Schlagworte:
Tags: Tag hinzufügen
Keine Tags, Fügen Sie das erste Tag hinzu!

MARC

LEADER 00000nlm a2200000 4500
001 0305334
005 20260326131112.1
020 |a 978-981-5256-95-6 
041 0 |a eng 
044 |a SG 
245 1 0 |a "Open Science and Innovation in Ukraine 2023"  |b 2nd International Conference 
250 |a 1st Edition 
264 1 |a Singapore  |b Bentham Science Publishers  |c 2024 
300 |a 187 s. 
610 2 0 |a veda 
610 2 0 |a veda otvorená 
610 2 0 |a inovácie otvorené 
610 2 0 |a výskum 
610 2 0 |a práce výskumné 
610 2 0 |a inovácia 
610 2 0 |a zdroje informácií 
610 2 0 |a spracovanie dát 
610 2 0 |a systémy informačné 
610 2 0 |a pedagógovia 
610 2 0 |a knižnice 
610 2 0 |a Ukrajina 
110 2 |a Open Science and Innovation in Ukraine 2023. International Conference